Official Names of Oceanic Countries - Statistics

General Stats
  • This quiz has been taken 18 times
  • The average score is 9 of 14
Answer Stats
Country Official Name % Correct
Australia Commonwealth of Australia
82%
F.S. Micronesia Federated States of Micronesia
82%
New Zealand New Zealand
82%
Tonga Kingdom of Tonga
73%
Fiji Republic of Fiji
73%
Tuvalu Tuvalu
73%
Kiribati Republic of Kiribati
64%
Nauru Republic of Nauru
64%
Palau Republic of Palau
64%
Solomon Islands Solomon Islands
64%
Papua New Guinea Independent State of Papua New Guinea
55%
Samoa Independent State of Samoa
55%
Marshall Islands Republic of the Marshall Islands
55%
Vanuatu Republic of Vanuatu
55%
No matching quizzes found
Score Distribution
Percent of People with Each Score
Percentile by Number Answered
Your Score History
You have not taken this quiz